[Event "Madrid-chT 2021"]
[Site "Madrid"]
[Date "2021.04.04"]
[Round "1.1"]
[White "Pulvett Marin, Daniel Eduardo"]
[Black "Rubio Mejia, Luis Ignacio"]
[Result "1/2-1/2"]
[WhiteElo "2472"]
[BlackElo "2392"]
[PlyCount "97"]
[EventDate "2021.01.24"]
[EventType "team-tourn"]
[EventRounds "14"]
[EventCountry "ESP"]
[SourceTitle "Ajedrez en Madrid"]
[Source "lmi"]
[SourceDate "2021.01.23"]
[SourceVersion "1"]
[SourceVersionDate "2021.06.08"]
[SourceQuality "1"]
[WhiteTeam "Collado Villalba"]
[BlackTeam "Virgen de Atocha"]
[WhiteTeamCountry "ESP"]
[BlackTeamCountry "ESP"]

1. d4 Nf6 2. c4 e6 3. Nf3 d5 4. Nc3 dxc4 5. e3 a6 6. a4 b6 7. Bxc4 Bb7 8. O-O
Bb4 9. Qe2 O-O 10. Rd1 Nbd7 11. Bd3 Qe7 12. e4 e5 13. Bg5 Rfe8 14. d5 h6 15.
Bd2 Nf8 16. Nh4 Bc8 17. g3 Qd8 18. Kh1 Ng6 19. Nxg6 fxg6 20. Na2 Bd6 21. Nb4 a5
22. Nc6 Qd7 23. f3 g5 24. Bb5 Qh3 25. Rf1 g4 26. Rae1 gxf3 27. Qxf3 Bg4 28. Qg2
Rf8 29. Bc3 Qh5 30. h4 Rf7 31. Be2 Raf8 32. Bxe5 Bxe2 33. Rxe2 Ng4 34. Rxf7
Qxf7 35. Bxd6 cxd6 36. e5 dxe5 37. Nxe5 Nxe5 38. Rxe5 Qf1+ 39. Qxf1 Rxf1+ 40.
Kg2 Rb1 41. Kf3 Rxb2 42. Kf4 Kf7 43. h5 b5 44. d6 bxa4 45. Rxa5 Rd2 46. Ke5
Re2+ 47. Kf5 Rf2+ 48. Ke4 Rd2 49. Ke5 1/2-1/2

[Event "Madrid-chT 2021"]
[Site "Madrid"]
[Date "2021.01.24"]
[Round "1.1"]
[White "Elissalt Cardenas, Hector"]
[Black "Reyes Larena, Juan"]
[Result "1/2-1/2"]
[WhiteElo "2279"]
[BlackElo "2451"]
[PlyCount "71"]
[EventDate "2021.01.24"]
[EventType "team-tourn"]
[EventRounds "14"]
[EventCountry "ESP"]
[SourceTitle "Ajedrez en Madrid"]
[Source "lmi"]
[SourceDate "2021.01.23"]
[SourceVersion "1"]
[SourceVersionDate "2021.06.08"]
[SourceQuality "1"]
[WhiteTeam "Tajamar"]
[BlackTeam "San Sebastian de los Reyes"]
[WhiteTeamCountry "ESP"]
[BlackTeamCountry "ESP"]

1. d4 Nf6 2. c4 g6 3. Nc3 Bg7 4. Nf3 d6 5. g3 O-O 6. Bg2 Nbd7 7. O-O e5 8. h3
c6 9. d5 c5 10. e4 Ne8 11. Bd2 a6 12. a4 b6 13. Qc1 Qe7 14. Re1 Rb8 15. Ra2 Nc7
16. b3 f5 17. exf5 gxf5 18. Nh4 Qf6 19. Bg5 Qf7 20. Bh6 e4 21. Bxg7 Qxg7 22.
Ne2 Ne5 23. Nf4 Qg5 24. Bf1 Bd7 25. Nfg2 h6 26. Nf4 Kh7 27. Be2 Rg8 28. Kh2
Rbf8 29. Qe3 Rf7 30. Rb1 a5 31. Rd2 Re7 32. Rbd1 Ne8 33. Nhg2 Rf8 34. Kh1 Rg8
35. Kh2 Kh8 36. Kh1 1/2-1/2

[Event "Madrid-chT 2021"]
[Site "Madrid"]
[Date "2021.01.24"]
[Round "1.2"]
[White "Martinez Fernandez, Raul"]
[Black "Ingunza Curro, Andres"]
[Result "0-1"]
[WhiteElo "2224"]
[BlackElo "2245"]
[PlyCount "58"]
[EventDate "2021.01.24"]
[EventType "team-tourn"]
[EventRounds "14"]
[EventCountry "ESP"]
[SourceTitle "Ajedrez en Madrid"]
[Source "lmi"]
[SourceDate "2021.01.23"]
[SourceVersion "1"]
[SourceVersionDate "2021.06.08"]
[SourceQuality "1"]
[WhiteTeam "San Sebastian de los Reyes"]
[BlackTeam "Tajamar"]
[WhiteTeamCountry "ESP"]
[BlackTeamCountry "ESP"]

1. e4 c5 2. Nf3 Nc6 3. Bb5 g6 4. Bxc6 dxc6 5. d3 Bg7 6. Nc3 Nf6 7. h3 Nd7 8.
Be3 b6 9. Qd2 h6 10. Rd1 e5 11. O-O Nf8 12. Nh2 Ne6 13. Ne2 Qe7 14. c3 Ba6 15.
f4 O-O-O 16. Qc2 exf4 17. Nxf4 Rhe8 18. Nxe6 Qxe6 19. Rfe1 Rd7 20. Nf3 g5 21.
c4 f5 22. Bf2 f4 23. a4 g4 24. hxg4 Qxg4 25. a5 Rg8 26. Nh2 Qh5 27. axb6 axb6
28. b3 Be5 29. Qe2 Qxh2+ 0-1

[Event "Madrid-chT 2021"]
[Site "Madrid"]
[Date "2021.01.24"]
[Round "1.3"]
[White "Mkrtchyan, Levon"]
[Black "Quevedo Marin, Manuel"]
[Result "1/2-1/2"]
[WhiteElo "2213"]
[BlackElo "2218"]
[PlyCount "108"]
[EventDate "2021.01.24"]
[EventType "team-tourn"]
[EventRounds "14"]
[EventCountry "ESP"]
[SourceTitle "Ajedrez en Madrid"]
[Source "lmi"]
[SourceDate "2021.01.23"]
[SourceVersion "1"]
[SourceVersionDate "2021.06.08"]
[SourceQuality "1"]
[WhiteTeam "Tajamar"]
[BlackTeam "San Sebastian de los Reyes"]
[WhiteTeamCountry "ESP"]
[BlackTeamCountry "ESP"]

1. e4 e5 2. Nf3 Nc6 3. Bc4 Nf6 4. d3 Bc5 5. c3 a6 6. Bb3 d6 7. Nbd2 Ba7 8. h3
O-O 9. O-O h6 10. Re1 Re8 11. Nf1 Be6 12. Ng3 Qd7 13. Nh2 Bxb3 14. axb3 Ne7 15.
Ng4 Nxg4 16. hxg4 d5 17. Qf3 Rad8 18. Nf5 dxe4 19. dxe4 Qd3 20. Be3 Bxe3 21.
Nxe3 Qb5 22. b4 Qd7 23. Red1 Qe6 24. Qe2 c6 25. Rd2 Rxd2 26. Qxd2 Ng6 27. g3
Nf8 28. Rd1 Re7 29. Qd8 Rd7 30. Rxd7 Qxd7 31. Qb8 f6 32. Nf5 b5 33. Kg2 g6 34.
Nd6 Qxg4 35. Qa7 Qd7 36. Nb7 Ne6 37. Qxa6 Ng5 38. Kf1 Qd1+ 39. Kg2 Qf3+ 40. Kf1
Qh1+ 41. Ke2 Qxe4+ 42. Kf1 Qh1+ 43. Ke2 Qf3+ 44. Ke1 Qh1+ 45. Ke2 Qe4+ 46. Kf1
Nf3 47. Qa2+ Kg7 48. Qa7 Nd2+ 49. Kg1 Qe1+ 50. Kh2 h5 51. Nd6+ Kh6 52. Nf7+ Kg7
53. Ng5+ Kh6 54. Nf7+ Kg7 1/2-1/2

[Event "Madrid-chT 2021"]
[Site "Madrid"]
[Date "2021.01.24"]
[Round "1.4"]
[White "Reyes Peñas, Sebastian"]
[Black "Rodriguez Lopez, David"]
[Result "0-1"]
[WhiteElo "2201"]
[BlackElo "2149"]
[PlyCount "110"]
[EventDate "2021.01.24"]
[EventType "team-tourn"]
[EventRounds "14"]
[EventCountry "ESP"]
[SourceTitle "Ajedrez en Madrid"]
[Source "lmi"]
[SourceDate "2021.01.23"]
[SourceVersion "1"]
[SourceVersionDate "2021.06.08"]
[SourceQuality "1"]
[WhiteTeam "San Sebastian de los Reyes"]
[BlackTeam "Tajamar"]
[WhiteTeamCountry "ESP"]
[BlackTeamCountry "ESP"]

1. e4 e5 2. Nf3 Nc6 3. Bb5 a6 4. Ba4 d6 5. c3 Nf6 6. d3 g6 7. O-O Bg7 8. Re1
O-O 9. Nbd2 h6 10. Nf1 b5 11. Bc2 d5 12. Ng3 dxe4 13. dxe4 Qxd1 14. Bxd1 Re8
15. h3 a5 16. a4 b4 17. Be2 bxc3 18. bxc3 Ba6 19. Bb5 Bxb5 20. axb5 Nd8 21. Be3
Nb7 22. Nd2 Bf8 23. Ra4 Nd6 24. c4 Nb7 25. Nb3 Nd7 26. Nf1 Red8 27. Rea1 Nb6
28. Bxb6 cxb6 29. Ne3 Rd3 30. Rb1 Nc5 31. Nxc5 Bxc5 32. Nd5 Rd2 33. Rf1 Kg7 34.
Raa1 Re2 35. Nc3 Rc2 36. Rac1 Bxf2+ 37. Kh2 Rxc1 38. Rxc1 a4 39. Rc2 Bd4 40.
Na2 a3 41. Kg3 f5 42. Kf3 Kf6 43. Nc3 Ra4 44. Na2 Ke6 45. g4 fxe4+ 46. Kxe4 Ra8
47. Nc1 Bb2 48. Na2 Ra4 49. Kd3 Kd6 50. Rf2 Kc5 51. Rf8 e4+ 52. Kxe4 Kxc4 53.
Rf3 Ra8 54. Rg3 Re8+ 55. Kf4 Be5+ 0-1

[Event "Madrid-chT 2021"]
[Site "Madrid"]
[Date "2021.01.24"]
[Round "1.5"]
[White "Martinez Aragon, Aitor"]
[Black "Jovancevic, Jovan"]
[Result "0-1"]
[WhiteElo "2049"]
[BlackElo "2117"]
[PlyCount "82"]
[EventDate "2021.01.24"]
[EventType "team-tourn"]
[EventRounds "14"]
[EventCountry "ESP"]
[SourceTitle "Ajedrez en Madrid"]
[Source "lmi"]
[SourceDate "2021.01.23"]
[SourceVersion "1"]
[SourceVersionDate "2021.06.08"]
[SourceQuality "1"]
[WhiteTeam "Tajamar"]
[BlackTeam "San Sebastian de los Reyes"]
[WhiteTeamCountry "ESP"]
[BlackTeamCountry "ESP"]

1. Nf3 c5 2. b3 Nf6 3. Bb2 e6 4. c4 d5 5. cxd5 exd5 6. e3 Nc6 7. Bb5 Bg4 8. O-O
Be7 9. d4 cxd4 10. Bxd4 O-O 11. Be2 Ne4 12. a3 Bxf3 13. Bxf3 Nxd4 14. exd4 f5
15. Ra2 Rc8 16. b4 Bf6 17. Bxe4 fxe4 18. Rd2 Rc4 19. a4 Qb6 20. Qb3 Qxb4 21.
Qxb4 Rxb4 22. Nc3 Rd8 23. Rfd1 Rc4 24. Ne2 Rxa4 25. Rb2 b6 26. g3 Rc8 27. Nf4
Ra5 28. Rb4 Rc2 29. h4 Kf7 30. Rdb1 Raa2 31. Rf1 Rc4 32. Nxd5 Rxd4 33. Rxd4
Bxd4 34. Nb4 Rd2 35. Nc6 a5 36. Nxd4 Rxd4 37. Rc1 Ke6 38. Rc7 b5 39. Rxg7 b4
40. Rxh7 b3 41. Rb7 Rb4 0-1

[Event "Madrid-chT 2021"]
[Site "Madrid"]
[Date "2021.01.24"]
[Round "1.6"]
[White "Hernandez Ramos, David"]
[Black "Sahuquillo Cruz, Alejandro"]
[Result "1-0"]
[WhiteElo "2081"]
[BlackElo "1988"]
[PlyCount "209"]
[EventDate "2021.01.24"]
[EventType "team-tourn"]
[EventRounds "14"]
[EventCountry "ESP"]
[SourceTitle "Ajedrez en Madrid"]
[Source "lmi"]
[SourceDate "2021.01.23"]
[SourceVersion "1"]
[SourceVersionDate "2021.06.08"]
[SourceQuality "1"]
[WhiteTeam "San Sebastian de los Reyes"]
[BlackTeam "Tajamar"]
[WhiteTeamCountry "ESP"]
[BlackTeamCountry "ESP"]

1. d4 Nf6 2. c4 e6 3. g3 d5 4. Bg2 b6 5. Nf3 Bb7 6. O-O Bd6 7. b3 Nbd7 8. Bb2
Ne4 9. Nfd2 Ndf6 10. Nc3 Nxc3 11. Bxc3 O-O 12. Qc2 c5 13. Qb2 Be7 14. Rfd1 Qc7
15. dxc5 bxc5 16. e3 Rfd8 17. Rac1 Qb6 18. cxd5 exd5 19. Qc2 Rac8 20. Qf5 h6
21. Qf4 Qa6 22. Qe5 Bf8 23. Qf5 Be7 24. Qb1 Qb6 25. Bb2 Ba6 26. Nf3 Qe6 27. Ne1
Ne4 28. Nd3 Bd6 29. Nf4 Bxf4 30. exf4 Re8 31. Qc2 f5 32. Be5 Red8 33. Bf3 Bb5
34. Re1 Qa6 35. Qb2 Rd7 36. Rcd1 Qb7 37. Qc2 Qb6 38. Bh5 g6 39. Bf3 Bc6 40.
Bxe4 fxe4 41. Qe2 Kh7 42. Qg4 Rf8 43. Rxe4 Rf5 44. Ree1 d4 45. Qe2 Qb7 46. Rc1
d3 47. Qd2 Bh1 48. f3 Bxf3 49. Re3 Qd5 50. Bb2 Rf8 51. Rce1 Be2 52. Bc1 Qf5 53.
Re5 Qg4 54. Qe3 Rdf7 55. Re7 Qf5 56. Rxf7+ Qxf7 57. Qxc5 Rd8 58. Bd2 Qe6 59.
Qxa7+ Rd7 60. Qc5 Qe4 61. Qf2 Rc7 62. Qe3 Qf5 63. Kg2 Rc2 64. Rc1 Qd5+ 65. Kg1
Qc6 66. b4 Rxc1+ 67. Bxc1 Qc2 68. Qd2 Qc4 69. a3 Qb3 70. h3 Kg8 71. Bb2 Qe6 72.
Kh2 Bf1 73. g4 Qe4 74. Bc1 Qd5 75. Qf2 Be2 76. Bd2 Kf7 77. Qa7+ Ke8 78. Qb8+
Kd7 79. Qa7+ Ke8 80. Qe3+ Kf7 81. a4 h5 82. g5 h4 83. Qa7+ Ke8 84. Qb8+ Kd7 85.
Qa7+ Ke8 86. Qe3+ Kf7 87. a5 Qc4 88. Qa7+ Kg8 89. Qb8+ Kf7 90. Qd6 Qc2 91. Qf6+
Ke8 92. Qxg6+ Kd7 93. Qf5+ Ke8 94. Qe5+ Kd7 95. Qd4+ Ke8 96. Qe3+ Kd7 97. a6
Qd1 98. g6 Bf3 99. Qe1 Qb3 100. Qxh4 Qe6 101. Qf2 Bc6 102. Qd4+ Kc8 103. Qxd3
Qa2 104. g7 Qf7 105. Qh7 1-0

[Event "Madrid-chT 2021"]
[Site "Madrid"]
[Date "2021.01.23"]
[Round "1.1"]
[White "Valles Moreno, Ivan"]
[Black "Montañes Arribas, Adrian"]
[Result "1-0"]
[WhiteElo "2412"]
[BlackElo "2268"]
[PlyCount "53"]
[EventDate "2021.01.24"]
[EventType "team-tourn"]
[EventRounds "14"]
[EventCountry "ESP"]
[SourceTitle "Ajedrez en Madrid"]
[Source "lmi"]
[SourceDate "2021.01.23"]
[SourceVersion "1"]
[SourceVersionDate "2021.06.08"]
[SourceQuality "1"]
[WhiteTeam "Villalba 64"]
[BlackTeam "Vallecas CDV"]
[WhiteTeamCountry "ESP"]
[BlackTeamCountry "ESP"]

1. Nf3 d5 2. g3 Nf6 3. Bg2 e6 4. O-O Be7 5. d3 b6 6. Nbd2 Bb7 7. e4 c5 8. Re1
Nc6 9. c3 Qc7 10. e5 Nd7 11. Nf1 Ndxe5 12. Nxe5 Nxe5 13. Rxe5 Qxe5 14. Bf4 Qf6
15. Qa4+ Kd8 16. d4 Qg6 17. dxc5 Bxc5 18. b4 Be7 19. c4 Bf6 20. Rd1 Ke7 21.
cxd5 Kf8 22. Ne3 Bxd5 23. Nxd5 exd5 24. Bxd5 Rd8 25. Bc7 Rc8 26. Qd7 Re8 27.
Bc6 1-0

[Event "Madrid-chT 2021"]
[Site "Madrid"]
[Date "2021.01.23"]
[Round "1.3"]
[White "Sanchez Gonzalez, Sergio"]
[Black "Beltran de Heredia Eguiaz, Miguel Angel"]
[Result "1-0"]
[WhiteElo "2281"]
[BlackElo "2199"]
[PlyCount "57"]
[EventDate "2021.01.24"]
[EventType "team-tourn"]
[EventRounds "14"]
[EventCountry "ESP"]
[SourceTitle "Ajedrez en Madrid"]
[Source "lmi"]
[SourceDate "2021.01.23"]
[SourceVersion "1"]
[SourceVersionDate "2021.06.08"]
[SourceQuality "1"]
[WhiteTeam "Villalba 64"]
[BlackTeam "Vallecas CDV"]
[WhiteTeamCountry "ESP"]
[BlackTeamCountry "ESP"]

1. e4 c5 2. c3 d5 3. exd5 Qxd5 4. d4 Nf6 5. Nf3 e6 6. Be2 Nc6 7. O-O cxd4 8.
cxd4 Be7 9. Nc3 Qd6 10. a3 O-O 11. Be3 Nd5 12. Ne4 Qb8 13. Bc4 Rd8 14. Qc2 h6
15. Ba2 Bd7 16. b4 Be8 17. Bb1 f5 18. Nc5 Bxc5 19. dxc5 Ne5 20. Nxe5 Nxe3 21.
fxe3 Qxe5 22. Ba2 Qxe3+ 23. Kh1 Bf7 24. Rae1 Qxa3 25. Bxe6 Bxe6 26. Rxe6 Qxb4
27. Re7 Qd2 28. Re8+ Kf7 29. Qxf5+ 1-0

[Event "Madrid-chT 2021"]
[Site "Madrid"]
[Date "2021.01.23"]
[Round "1.4"]
[White "Ambrona Castellanos, Miguel"]
[Black "Vega Gomez, Francisco Borja"]
[Result "1/2-1/2"]
[WhiteElo "2190"]
[BlackElo "2272"]
[PlyCount "104"]
[EventDate "2021.01.24"]
[EventType "team-tourn"]
[EventRounds "14"]
[EventCountry "ESP"]
[SourceTitle "Ajedrez en Madrid"]
[Source "lmi"]
[SourceDate "2021.01.23"]
[SourceVersion "1"]
[SourceVersionDate "2021.06.08"]
[SourceQuality "1"]
[WhiteTeam "Vallecas CDV"]
[BlackTeam "Villalba 64"]
[WhiteTeamCountry "ESP"]
[BlackTeamCountry "ESP"]

1. e4 e5 2. Nf3 d6 3. d4 Nf6 4. Nc3 Nbd7 5. Bc4 Be7 6. O-O O-O 7. a4 c6 8. h3
h6 9. dxe5 dxe5 10. Qe2 Qc7 11. Nh4 Nc5 12. Ng6 Re8 13. Nxe7+ Qxe7 14. b3 Ne6
15. Bxe6 Bxe6 16. Ba3 Qc7 17. Qe3 b6 18. a5 Rad8 19. Rfd1 Nh5 20. Na4 Rxd1+ 21.
Rxd1 b5 22. Nc5 Qxa5 23. Ra1 Bc8 24. Nd3 Qc7 25. Bc5 a6 26. Nb4 Nf4 27. Nxa6
Bxa6 28. Rxa6 Qc8 29. Ra1 Re6 30. Kh2 Rg6 31. Rg1 h5 32. Qf3 h4 33. Be3 Rf6 34.
Bxf4 Rxf4 35. Qe3 Qd8 36. f3 Qg5 37. Rd1 Qg3+ 38. Kg1 Rf6 39. Qf2 Qg5 40. Qd2
Qg6 41. Kh1 Kh7 42. Qc3 Qg3 43. Qe1 Rd6 44. Qe2 Rg6 45. Rd7 Qf4 46. Qd2 Qf6 47.
Rd8 Qe7 48. Rd7 Qf6 49. Rd8 Qe7 50. Rd7 Qf8 51. Rd8 Qc5 52. Kh2 Qe7 1/2-1/2

[Event "Madrid-chT 2021"]
[Site "Madrid"]
[Date "2021.01.23"]
[Round "1.5"]
[White "Perdomo Araujo, Angel Eduardo"]
[Black "Morona Minguez, Miguel"]
[Result "0-1"]
[WhiteElo "2018"]
[BlackElo "2045"]
[PlyCount "77"]
[EventDate "2021.01.24"]
[EventType "team-tourn"]
[EventRounds "14"]
[EventCountry "ESP"]
[SourceTitle "Ajedrez en Madrid"]
[Source "lmi"]
[SourceDate "2021.01.23"]
[SourceVersion "1"]
[SourceVersionDate "2021.06.08"]
[SourceQuality "1"]
[WhiteTeam "Villalba 64"]
[BlackTeam "Vallecas CDV"]
[WhiteTeamCountry "ESP"]
[BlackTeamCountry "ESP"]

1. e4 e6 2. d4 d5 3. Nc3 Bb4 4. e5 c5 5. a3 Bxc3+ 6. bxc3 Qa5 7. Bd2 Qa4 8. Qg4
Kf8 9. Ra2 Ne7 10. h4 Nbc6 11. Nf3 Nf5 12. Bd3 b6 13. Qf4 Ba6 14. g4 Bxd3 15.
cxd3 Nh6 16. Ke2 c4 17. Rb1 cxd3+ 18. Kf1 Na5 19. Ne1 Nb3 20. f3 Qc4 21. Rab2
Nxd2+ 22. Qxd2 Rc8 23. Rc1 Ke8 24. Kf2 Qc7 25. Qxd3 Qe7 26. Kg3 Qxa3 27. Qc2
Rc7 28. Ra2 Qe7 29. Rca1 f6 30. Nd3 Kf7 31. Ra3 Rhc8 32. exf6 gxf6 33. Nf4 Kg8
34. Qe2 Re8 35. Ra6 Qd7 36. Qe3 Kf7 37. Nh5 Ng8 38. Qf4 h6 39. Qxc7 0-1

[Event "Madrid-chT 2021"]
[Site "Madrid"]
[Date "2021.01.23"]
[Round "1.6"]
[White "Dominguez Alfara, Miguel"]
[Black "Estevez Sacristan, Deva"]
[Result "0-1"]
[WhiteElo "1998"]
[BlackElo "1878"]
[PlyCount "72"]
[EventDate "2021.01.24"]
[EventType "team-tourn"]
[EventRounds "14"]
[EventCountry "ESP"]
[SourceTitle "Ajedrez en Madrid"]
[Source "lmi"]
[SourceDate "2021.01.23"]
[SourceVersion "1"]
[SourceVersionDate "2021.06.08"]
[SourceQuality "1"]
[WhiteTeam "Vallecas CDV"]
[BlackTeam "Villalba 64"]
[WhiteTeamCountry "ESP"]
[BlackTeamCountry "ESP"]

1. d4 f5 2. Nf3 Nf6 3. e3 g6 4. Be2 Bg7 5. O-O O-O 6. c4 d6 7. Nc3 c6 8. b4 Qc7
9. a4 e5 10. Qb3 e4 11. Nd2 Be6 12. Ba3 Nbd7 13. a5 b6 14. f3 Bh6 15. f4 Rfe8
16. d5 cxd5 17. cxd5 Bf7 18. a6 Rac8 19. Rac1 Qb8 20. Bc4 g5 21. g3 gxf4 22.
gxf4 Kh8 23. Ne2 b5 24. Bxb5 Qxb5 25. Nd4 Qxd5 26. Qxd5 Nxd5 27. Nxf5 Rxc1 28.
Rxc1 Bg7 29. Nxd6 Rf8 30. Kf2 Bg6 31. Nb5 Ne5 32. Kg3 Nd3 33. Rc4 Nxe3 34. Rc7
Bh6 35. Nxa7 Bxf4+ 36. Kh3 Bxc7 0-1

[Event "Madrid-chT 2021"]
[Site "Madrid"]
[Date "2021.02.28"]
[Round "2.1"]
[White "Elissalt Cardenas, Hector"]
[Black "Montoliu Cervero, Francisco"]
[Result "1/2-1/2"]
[WhiteElo "2279"]
[BlackElo "2395"]
[PlyCount "120"]
[EventDate "2021.01.24"]
[EventType "team-tourn"]
[EventRounds "14"]
[EventCountry "ESP"]
[SourceTitle "Ajedrez en Madrid"]
[Source "lmi"]
[SourceDate "2021.01.23"]
[SourceVersion "1"]
[SourceVersionDate "2021.06.08"]
[SourceQuality "1"]
[WhiteTeam "Tajamar"]
[BlackTeam "Blanco y Negro"]
[WhiteTeamCountry "ESP"]
[BlackTeamCountry "ESP"]

1. d4 d5 2. c4 dxc4 3. Nf3 Nf6 4. e3 e6 5. Bxc4 a6 6. O-O b5 7. Be2 Bb7 8. a4
b4 9. Nbd2 c5 10. dxc5 Nbd7 11. c6 Bxc6 12. b3 Be7 13. Bb2 O-O 14. Rc1 Bd5 15.
Bd4 Qb8 16. Qc2 e5 17. Bb2 e4 18. Nd4 Bd6 19. h3 Re8 20. Nf5 Bh2+ 21. Kh1 Be5
22. Nc4 Bxc4 23. Bxc4 Bxb2 24. Qxb2 Re5 25. Ng3 a5 26. Rfd1 Nb6 27. Rd4 Qe8 28.
Bb5 Qe7 29. Kg1 h5 30. Ne2 Rc5 31. Rxc5 Qxc5 32. Qd2 Rc8 33. Rd8+ Rxd8 34.
Qxd8+ Kh7 35. Qd4 Qc7 36. g4 hxg4 37. hxg4 Nbd7 38. Bxd7 Qxd7 39. Qxd7 Nxd7 40.
Kg2 Kg6 41. Nd4 Ne5 42. Kg3 Kg5 43. Nf5 Nxg4 44. Nd6 Ne5 45. Nxe4+ Kf5 46. Nc5
g5 47. Nb7 Nc6 48. Nd6+ Ke6 49. Nc4 f5 50. Kf3 Ne5+ 51. Nxe5 Kxe5 52. Ke2 g4
53. f3 Kf6 54. Kf2 gxf3 55. Kxf3 Ke5 56. Kf2 Ke4 57. Ke2 Kd5 58. Kf3 Ke5 59.
Kf2 Kd5 60. Kf3 Ke5 1/2-1/2

[Event "Madrid-chT 2021"]
[Site "Madrid"]
[Date "2021.02.28"]
[Round "2.2"]
[White "Alarcia Astiz, Carlos"]
[Black "Ingunza Curro, Andres"]
[Result "0-1"]
[WhiteElo "2306"]
[BlackElo "2264"]
[PlyCount "170"]
[EventDate "2021.01.24"]
[EventType "team-tourn"]
[EventRounds "14"]
[EventCountry "ESP"]
[SourceTitle "Ajedrez en Madrid"]
[Source "lmi"]
[SourceDate "2021.01.23"]
[SourceVersion "1"]
[SourceVersionDate "2021.06.08"]
[SourceQuality "1"]
[WhiteTeam "Blanco y Negro"]
[BlackTeam "Tajamar"]
[WhiteTeamCountry "ESP"]
[BlackTeamCountry "ESP"]

1. e4 e5 2. Nf3 Nc6 3. Bc4 Nf6 4. d3 Bc5 5. c3 a6 6. Nbd2 d6 7. Bb3 Ba7 8. O-O
h6 9. Nc4 O-O 10. Re1 Be6 11. Be3 b5 12. Ncd2 Bxe3 13. fxe3 Qd7 14. Rf1 Ne7 15.
Qe1 Bxb3 16. axb3 c5 17. Nh4 Qe6 18. h3 a5 19. Qg3 a4 20. bxa4 bxa4 21. Nf5
Nxf5 22. Rxf5 Nd7 23. Raf1 a3 24. bxa3 Rxa3 25. Nb1 Rb3 26. Rc1 d5 27. Rf2 dxe4
28. dxe4 c4 29. Nd2 Ra3 30. Qg4 Qxg4 31. hxg4 Rc8 32. Nf3 f6 33. Nh4 Nc5 34.
Nf5 Rd8 35. Rb2 Rb3 36. Ra2 Rb7 37. Ng3 Rd3 38. Ra8+ Kh7 39. Rc8 Nb3 40. Rc2
Nd2 41. Kf2 Nb1 42. Ne2 Kg6 43. Kf3 Nd2+ 44. Kf2 Nxe4+ 45. Kf3 Nd2+ 46. Kf2 Kg5
47. Nc1 Ne4+ 48. Kf3 Rxc3 49. Rxc3 Nxc3 50. Rxc4 Nd5 51. Rc5 Ne7 52. Nd3 h5 53.
gxh5 Nf5 54. g4 e4+ 55. Kxe4 Re7+ 56. Kf3 Rxe3+ 57. Kf2 Kxg4 58. Rxf5 Rxd3 59.
Rc5 Rd7 60. Rb5 Rf7 61. Ke3 f5 62. h6 gxh6 63. Rb6 Kg5 64. Rb8 Rg7 65. Kf3 h5
66. Rf8 h4 67. Rh8 Rg6 68. Ra8 Rh6 69. Rc8 Kf6 70. Rf8+ Ke6 71. Ra8 Rh7 72.
Ra6+ Ke5 73. Ra5+ Kf6 74. Kf4 Rh5 75. Ra6+ Ke7 76. Ra7+ Kd6 77. Ra6+ Kc5 78.
Ra5+ Kb4 79. Ra2 Kb3 80. Rh2 h3 81. Ke5 Kc3 82. Kf6 f4 83. Kg6 Rh8 84. Kf5 f3
85. Kg4 f2 0-1

[Event "Madrid-chT 2021"]
[Site "Madrid"]
[Date "2021.02.28"]
[Round "2.3"]
[White "Mkrtchyan, Levon"]
[Black "Renteria Becerra, Jorge Elicer"]
[Result "1/2-1/2"]
[WhiteElo "2213"]
[BlackElo "2262"]
[PlyCount "39"]
[EventDate "2021.01.24"]
[EventType "team-tourn"]
[EventRounds "14"]
[EventCountry "ESP"]
[SourceTitle "Ajedrez en Madrid"]
[Source "lmi"]
[SourceDate "2021.01.23"]
[SourceVersion "1"]
[SourceVersionDate "2021.06.08"]
[SourceQuality "1"]
[WhiteTeam "Tajamar"]
[BlackTeam "Blanco y Negro"]
[WhiteTeamCountry "ESP"]
[BlackTeamCountry "ESP"]

1. e4 c5 2. Nf3 d6 3. d4 cxd4 4. Nxd4 Nf6 5. Nc3 a6 6. Bg5 e6 7. Qf3 Bd7 8.
O-O-O Nc6 9. Qg3 Qc7 10. Be2 Be7 11. f4 h6 12. Bh4 Rg8 13. Nxc6 Bxc6 14. Qe3
Nxe4 15. Nxe4 Bxe4 16. Qxe4 Bxh4 17. f5 Bg5+ 18. Kb1 O-O-O 19. fxe6 fxe6 20.
Qxe6+ 1/2-1/2

[Event "Madrid-chT 2021"]
[Site "Madrid"]
[Date "2021.02.28"]
[Round "2.4"]
[White "Hidalgo Duque, Carlos"]
[Black "Rodriguez Lopez, David"]
[Result "1/2-1/2"]
[WhiteElo "2242"]
[BlackElo "2149"]
[PlyCount "75"]
[EventDate "2021.01.24"]
[EventType "team-tourn"]
[EventRounds "14"]
[EventCountry "ESP"]
[SourceTitle "Ajedrez en Madrid"]
[Source "lmi"]
[SourceDate "2021.01.23"]
[SourceVersion "1"]
[SourceVersionDate "2021.06.08"]
[SourceQuality "1"]
[WhiteTeam "Blanco y Negro"]
[BlackTeam "Tajamar"]
[WhiteTeamCountry "ESP"]
[BlackTeamCountry "ESP"]

1. Nf3 d5 2. d4 c6 3. c4 Nf6 4. e3 Bf5 5. Nc3 e6 6. Nh4 Be4 7. f3 Bg6 8. Qb3
Qb6 9. Nxg6 hxg6 10. Bd2 Bd6 11. O-O-O Qxb3 12. axb3 Nbd7 13. h3 O-O-O 14. Bd3
e5 15. cxd5 Nxd5 16. Nxd5 cxd5 17. dxe5 Nxe5 18. Bc3 Rhe8 19. Bb5 Nc6 20. Rxd5
Rxe3 21. Rhd1 Be7 22. Bc4 Bf6 23. Rxd8+ Nxd8 24. Kd2 Re7 25. Bxf6 Rd7+ 26. Kc2
Rxd1 27. Kxd1 gxf6 28. h4 f5 29. g4 fxg4 30. fxg4 Kd7 31. Kd2 Kd6 32. Bd3 Ke5
33. h5 gxh5 34. gxh5 f5 35. Ke3 Nf7 36. b4 Ng5 37. b5 b6 38. Bc4 1/2-1/2

[Event "Madrid-chT 2021"]
[Site "Madrid"]
[Date "2021.02.28"]
[Round "2.5"]
[White "Martinez Aragon, Aitor"]
[Black "Martinez Rubi, Alberto"]
[Result "1-0"]
[WhiteElo "2049"]
[BlackElo "2101"]
[PlyCount "101"]
[EventDate "2021.01.24"]
[EventType "team-tourn"]
[EventRounds "14"]
[EventCountry "ESP"]
[SourceTitle "Ajedrez en Madrid"]
[Source "lmi"]
[SourceDate "2021.01.23"]
[SourceVersion "1"]
[SourceVersionDate "2021.06.08"]
[SourceQuality "1"]
[WhiteTeam "Tajamar"]
[BlackTeam "Blanco y Negro"]
[WhiteTeamCountry "ESP"]
[BlackTeamCountry "ESP"]

1. e4 c5 2. Nf3 e6 3. d4 cxd4 4. Nxd4 Nc6 5. Nc3 Qc7 6. g3 b6 7. Ndb5 Qb8 8.
Bf4 Ne5 9. Qh5 d6 10. O-O-O Nf6 11. Qe2 a6 12. Nd4 Bd7 13. Bg5 b5 14. f4 Nc6
15. Nxc6 Bxc6 16. Bg2 Nd7 17. Rhe1 h6 18. Bh4 e5 19. Nd5 Bxd5 20. exd5 Qb6 21.
Bh3 f6 22. Qh5+ Kd8 23. Qf7 Ra7 24. fxe5 dxe5 25. d6 Bxd6 26. Qxg7 Re8 27. Qf7
Re7 28. Qd5 Bb8 29. Qg8+ Kc7 30. Bxd7 Rxd7 31. Rxd7+ Kxd7 32. Rd1+ Bd6 33. Qf7+
Kc6 34. Qd5+ Kc7 35. Bxf6 Qc6 36. Bxe5 Qxd5 37. Rxd5 Bxe5 38. Rxe5 Kd6 39. Rh5
Rh7 40. c3 Ke6 41. Kc2 Kf6 42. Kb3 Kg6 43. Rc5 Re7 44. Rc6+ Kg5 45. Rxa6 Re2
46. h4+ Kh5 47. g4+ Kxh4 48. Rxh6+ Kxg4 49. Rb6 Re5 50. a3 Kf4 51. Kb4 1-0